|
|
|
|
| LEADER |
00000nam0a2200000 4500 |
| 001 |
178903 |
| 005 |
20231101223434.0 |
| 010 |
|
|
|a 5968200103
|
| 035 |
|
|
|a (RuTPU)RU\TPU\book\193923
|
| 090 |
|
|
|a 178903
|
| 100 |
|
|
|a 20100412d2010 km a0rusy50 ca
|
| 101 |
0 |
|
|a rus
|
| 102 |
|
|
|a RU
|
| 105 |
|
|
|a y gln 000zy
|
| 200 |
1 |
|
|a Справочник специалиста по охране труда
|e сборник нормативных документов
|
| 210 |
|
|
|a Екатеринбург
|c Урал Юр Издат
|d 2010
|
| 215 |
|
|
|a 512 с.
|
| 225 |
1 |
|
|a Охрана труда
|
| 606 |
1 |
|
|a Производственная безопасность
|2 stltpush
|3 (RuTPU)RU\TPU\subj\52441
|9 70877
|
| 606 |
1 |
|
|a Охрана труда
|x Правовое регулирование
|y Россия
|2 stltpush
|3 (RuTPU)RU\TPU\subj\47890
|9 66799
|
| 610 |
1 |
|
|a трудовой кодекс
|
| 610 |
1 |
|
|a правовые акты
|
| 610 |
1 |
|
|a правовые основы
|
| 610 |
1 |
|
|a законодательство
|
| 610 |
1 |
|
|a государственный контроль
|
| 610 |
1 |
|
|a государственный надзор
|
| 610 |
1 |
|
|a общественный контроль
|
| 610 |
1 |
|
|a рабочее место
|
| 610 |
1 |
|
|a аттестация
|
| 610 |
1 |
|
|a условия труда
|
| 610 |
1 |
|
|a сертификация
|
| 610 |
1 |
|
|a медицинские осмотры
|
| 610 |
1 |
|
|a несчастные случаи
|
| 610 |
1 |
|
|a профессиональные заболевания
|
| 610 |
1 |
|
|a медицинское освидетельствование
|
| 610 |
1 |
|
|a пострадавшие
|
| 610 |
1 |
|
|a реабилитация
|
| 610 |
1 |
|
|a социальное страхование
|
| 610 |
1 |
|
|a нормативные документы
|
| 610 |
1 |
|
|a справочники
|
| 675 |
|
|
|a 658.345(035)
|v 3
|
| 686 |
|
|
|a Х627.4я2
|v LBC/SL-A
|2 rubbk
|
| 801 |
|
1 |
|a RU
|b 63413507
|c 20100412
|
| 801 |
|
2 |
|a RU
|b 63413507
|c 20100830
|g RCR
|
| 942 |
|
|
|c BK
|